| 000 | 01175nam a2200325 a 4500 | ||
|---|---|---|---|
| 001 | 000111154 | ||
| 003 | CHAP | ||
| 005 | 20250903062748.0 | ||
| 008 | 141209s2014 mx fsm |||||||spa d | ||
| 010 | _a107616 | ||
| 011 | _a108588 | ||
| 040 | _cCHAP | ||
| 090 | _aTesis | ||
| 100 | 1 |
_aRubio Rubio, Javier _9128968 |
|
| 245 | 1 | 0 |
_aEfecto del tratamiento de forrajes de maíz con diferentes concentraciones de urea en el valor nutritivo _h[En línea] _cpor Javier Rubio Rubio. |
| 260 |
_aChapingo, Méx. : _bEl autor, _c2014. |
||
| 500 | _aPara ver el contenido del material haga clic en la liga | ||
| 502 | _aTesis (Ing. Agr. Esp. en Zootecnia) -- UACH. Departamento de Zootecnia | ||
| 590 |
_aE11695DGD _b10 _c20141215 _lUCH01 _h1407 |
||
| 590 |
_aE5995AHE _b05 _c20141209 _lUCH01 _h1312 |
||
| 590 |
_aE5995AHE _b05 _c20141209 _lUCH01 _h1313 |
||
| 650 | 1 | 7 |
_aForrajes _xDigestibilidad _2 _942568 |
| 650 | 1 | 4 |
_aForrajes _xValor nutritivo. _942601 |
| 650 | 1 | 4 |
_aMaíz como forraje. _971109 |
| 650 | 1 | 4 |
_aUrea en alimentación animal. _9116890 |
| 856 |
_aFinding aid _uhttp://10.13.5.2/tesis/sist111154.pdf _zTeclea aquí |
||
| 901 | _aBK | ||
| 942 | _cTESIS | ||
| 942 | _n0 | ||
| 999 |
_c107616 _d107616 |
||